2025/26 UEFA Europa League Teams - Statistics

General Stats
  • This quiz has been taken 20 times
    15 since last reset
  • The average score is 23 of 36
Answer Stats
Team % Correct
Aston Villa
93%
Nottingham Forest
93%
Real Betis
93%
Lyon
86%
Braga
79%
Celta Vigo
79%
Fenerbahçe
79%
Lille
79%
Porto
79%
Roma
79%
Celtic
71%
Feyenoord
71%
Malmo
71%
Bologna
64%
Dinamo Zagreb
64%
Freiburg
64%
Genk
64%
Rangers
64%
Salzburg
64%
Stuttgart
64%
Basel
57%
Nice
57%
Red Star Belgrade
57%
Young Boys
57%
Brann
50%
Ferencvaros
50%
Go Ahead Eagles
50%
Ludogorets
50%
Midtjylland
50%
PAOK
50%
Sturm Graz
50%
Viktoria Plzen
50%
Maccabi Tel Aviv
43%
Utrecht
43%
FCSB
36%
Panathinaikos
36%
No matching quizzes found
Score Distribution
Percent of People with Each Score
Percentile by Number Answered
Your Score History
You have not taken this quiz since the last reset